Statistics for European Countries With The Shortest People

Click here to take the quiz!

General Stats

  • This quiz has been taken 43 times
  • The average score is 8 of 10

Answer Stats

cmCountry% Correct
174.1Portugal
92%
176.1Spain
92%
174.0Albania
87%
174.4Italy
87%
177.2Romania
85%
175.7Bulgaria
77%
176.6Hungary
77%
174.3Malta
74%
176.5Russia
69%
176.4North Macedonia
67%

Score Distribution

Percentile by Number Answered

Percent of People with Each Score

Your Score History

You have not taken this quiz